| 000 | 01618nam a22002297a 4500 | ||
|---|---|---|---|
| 005 | 20180518153150.0 | ||
| 010 | _aराष्ट्रपति-2 B-691620 | ||
| 020 |
_a8123012322 _c50.00 |
||
| 035 | _aB-691620 | ||
| 037 | _bनॉर्थ इंडिया | ||
| 082 | _a301.153 | ||
| 100 | _aवियोगी हरि | ||
| 245 |
_aबापू की ऐतिहासिक यात्रा / _cवियोगी हरि |
||
| 250 | _a2सरा संस्क. | ||
| 260 |
_aनई दिल्ली _bप्रकाशन विभाग _c1927 |
||
| 270 |
_aसूचना और प्रसारण मंत्रालय, भारत सरकार,सी.जी.ओ.कॉम्प्लेक्स,लोधी रोड़ _bनई दिल्ली _e110003 |
||
| 270 |
_aसूचना और प्रसारण मंत्रालय, भारत सरकार, पटियाला हाउस _bनई दिल्ली _e110001 |
||
| 300 |
_a99पृ. _c22सेमी(सजिल्द) |
||
| 500 | _a राष्ट्र्रपति-2 | ||
| 942 |
_2ddc _cHN _h301.153 _mवियोगी |
||
| 999 |
_c151850 _d151850 |
||